Statistics for 100 biggest cities in Andalusia

Click here to take the quiz!

General Stats

  • This quiz has been taken 115 times
  • The average score is 50 of 100

Answer Stats

TopHintAnswerPopulation% Correct
3CórdobaCórdoba326 297
99%
4GranadaGranada233 012
99%
8HuelvaHuelva143 897
99%
2MálagaMálaga578 383
99%
11CádizCádiz115 252
98%
1SevillaSevilla691 395
98%
6AlmeríaAlmería201 137
97%
12JaénJaén112 757
97%
5CádizJerez de la Frontera213 392
94%
9SevillaDos Hermanas135 050
89%
7MálagaMarbella147 293
88%
10CádizAlgeciras123 391
87%
13AlmeríaRoquetas de Mar98 283
81%
14CádizSan Fernando95 001
80%
20MálagaVélez - Málaga82 674
78%
18AlmeríaEl Ejido83 892
76%
19MálagaFuengirola82 739
76%
28JaénLinares57 353
76%
34MálagaAntequera41 318
74%
15CádizEl Puerto de Santa María88 703
74%
41MálagaRonda33 730
74%
27GranadaMotril58 534
73%
24MálagaTorremolinos69 140
73%
17CádizChiclana de la Frontera85 120
72%
40JaénÚbeda34 329
72%
25MálagaBenalmádena69 113
71%
22MálagaEstepona70 228
68%
95CádizTarifa18 183
66%
55AlmeríaAlmuñécar25 924
64%
36SevillaÉcija39 893
64%
26CádizLa Línea de la Concepción63 535
64%
16MálagaMijas85 329
64%
23CádizSanlúcar de Barrameda69 254
64%
21SevillaAlcalá de Guadaíra75 552
62%
29SevillaUtrera50 093
60%
77MálagaNerja21 144
59%
78HuelvaAyamonte21 104
58%
45CádizArcos de la Frontera30 818
57%
47CádizRota29 282
57%
64CádizConil de la Frontera22 775
56%
49HuelvaLepe27 880
54%
33CádizPuerto Real41 773
53%
94GranadaGuadix18 436
52%
67CádizBarbate22 556
51%
46CórdobaPuente Genil29 943
51%
52SevillaCamas27 560
49%
39JaénAndújar36 615
48%
80GranadaBaza20 430
48%
76HuelvaIsla Cristina21 393
47%
63SevillaMairena del Alcor23 698
47%
31SevillaMairena del Aljarafe46 556
47%
32CórdobaLucena42 773
46%
59HuelvaAlmonte24 507
44%
48SevillaCarmona28 834
44%
42AlmeríaNíjar31 666
44%
30MálagaRincón de la Victoria48 768
44%
89CádizChipiona19 246
43%
38SevillaLos Palacios y Villafranca38 548
43%
35MálagaAlhaurín de la Torre41 170
42%
58MálagaAlhaurín el Grande25 358
42%
98SevillaOsuna17 621
41%
43CádizSan Roque31 571
41%
82CórdobaCabra20 347
39%
44SevillaCoria del Río30 908
39%
57AlmeríaAdra25 412
38%
81GranadaLoja20 419
38%
60JaénMartos24 343
38%
50CádizMorón de la Frontera27 633
38%
37SevillaLa Rinconada39 063
36%
72SevillaSan Juan de Aznalfarache21 774
33%
99JaénBailén17 548
32%
51SevillaLebrija27 578
32%
71HuelvaMoguer21 867
31%
96MálagaTorrox17 943
29%
97AlmeríaHuércal de Almería17 917
26%
85AlmeríaHuércal - Overa19 432
26%
90CórdobaBaena19 045
24%
69GranadaMaracena22 306
24%
65CórdobaMontilla22 739
24%
91GranadaAlbolote18 962
23%
70SevillaBormujos22 180
23%
54MálagaCártama26 738
22%
61GranadaArmilla24 340
21%
92GranadaAtarfe18 958
21%
93SevillaLora del Río18 630
21%
62MálagaLos Barrios23 777
21%
68CórdobaPriego de Córdoba22 367
21%
53AlmeríaVícar26 899
21%
87SevillaEl Viso del Alcor19 324
20%
66MálagaCoín22 673
19%
56SevillaTomares25 455
19%
84SevillaArahal19 533
18%
79CórdobaPalma del Río20 928
18%
73JaénAlcalá la Real21 709
17%
83HuelvaCartaya20 081
17%
86SevillaMarchena19 329
17%
100SevillaCastilleja de la Cuesta17 516
14%
74GranadaLas Gabias21 543
13%
88GranadaLa Zubia19 330
13%
75HuelvaAljaraque21 474
10%

Score Distribution

Percentile by Number Answered

Percent of People with Each Score

Your Score History

You have not taken this quiz